000 00470nam a2200181Ia 4500
005 20230805111628.0
008 131103s9999 xx 000 0 und d
040 _aLoreto College
041 _aEnglish
082 _aF
_bGAR
100 _aGardner,Erle Stanley
245 4 _aThe case of the grinning Gorilla
_cErle Stanley Gardner
260 _aNew York
_bPocket Books
_c1952
300 _ax,274 p.
650 _aFiction in English
850 _aLCLIB
942 _cBK
999 _c14195
_d64674